000 01158nam a22002657a 4500
003 Uzh_bibl
008 260414b |||||||| |||| 00| 0 ukr d
020 _a5-301-01224-Х
_c55.68
040 _bукр.
041 _2ukr
_aukr
080 _a821.161.1
090 _a821.161.1
_bТ52
100 _aТолкін, Руел Роналд, Джон
245 _aГобіт, або мандрівка імлисті гори
_cПер з англ. О.Мокровольського
_hТекст
260 _aКиїв
_b"Веселка"
_c1992
300 _a303 с.
_bіл.
_fВ опр.
490 _v2-ге вид.
520 _aПовість-казка класика англійської дитячої літератури про небезпечні пригоди істоти - гобіта.
521 _aДля молодшого шкільного віку
546 _aукр.
650 _aЛітературно-художнє видання
653 _aЦікаві пригоди
_aХимерна істота
_aКазкова форма
655 _aХудожня література
_vПовість-казка
942 _2udc
_cBK
999 _c17319
_d17319